Banky pod tlakem ICT nekvalitní informace generují nekvalitní rozhodování

Rozhovor s Ondřejem Frydrychem, generálnym riaditeľom spoločnosti Adastra Česká republika, o jeho súčasnom pohľade na kľúčové trendy IKT v bankách a poisťovniach.

Salvato in:
Dettagli Bibliografici
Autore principale: Chuchvalcová, Jana
Natura: Capitolo di libro
Lingua:ceco
Soggetti:
Tags: Aggiungi Tag
Nessun Tag, puoi essere il primo ad aggiungerne!!

MARC

LEADER 00000naa a2200000 4500
001 0136433
005 20231129094405.9
041 0 |a cze 
044 |a CZ 
245 1 0 |a Banky pod tlakem ICT  |b nekvalitní informace generují nekvalitní rozhodování  |c Jana Chuchvalcová 
520 |a Rozhovor s Ondřejem Frydrychem, generálnym riaditeľom spoločnosti Adastra Česká republika, o jeho súčasnom pohľade na kľúčové trendy IKT v bankách a poisťovniach. 
610 2 0 |a Česko 
610 2 0 |a spoločnosti 
610 2 0 |a riaditelia 
610 2 0 |a riadenie vrcholové 
610 2 0 |a manažéri 
610 2 0 |a rozhodovanie manažérske 
610 2 0 |a outsourcing 
610 2 0 |a banky 
610 2 0 |a poisťovne 
610 2 0 |a technológie informačné 
610 2 0 |a technológie komunikačné 
100 1 |a Chuchvalcová, Jana